Informačné zabezpečenie riadenia investičného procesu kandidátska dizertačná práca

Gespeichert in:
Bibliographische Detailangaben
1. Verfasser: Zápražná, Anna
Körperschaft: Vysoká škola ekonomická v Bratislave
Weitere Verfasser: Laučík, Zdenko
Format: Buch
Sprache:Slowakisch
Veröffentlicht: Bratislava 1985
Tags: Tag hinzufügen
Keine Tags, Fügen Sie das erste Tag hinzu!

MARC

LEADER 00000nam a2200000 4500
001 c105292
005 20221025095115.5
041 0 |a slo 
044 |a SK 
245 1 0 |a Informačné zabezpečenie riadenia investičného procesu  |b kandidátska dizertačná práca  |c Anna Zápražná ; Ved. Zdenko Laučík 
264 1 |a Bratislava  |c 1985 
300 |a 164 s. 
100 1 |a Zápražná, Anna 
700 1 |a Laučík, Zdenko 
710 2 |a Vysoká škola ekonomická v Bratislave